| 000 | 00000nam##2200000za#4500 |
| 001 | 9.602556 |
| 003 | CaOODSP |
| 005 | 20240212134142 |
| 007 | cr ||||||||||| |
| 008 | 150406|1990||||xxc|||||o f|0| 0 fre|d |
| 040 | |aCaOODSP|bfre |
| 043 | |an-cn--- |
| 086 | 1 |aNE22-1/1990-9F-PDF |
| 110 | 1 |aCanada. |bOffice national de l'énergie. |
| 245 | 10|aMotifs de décision relativement à Énergie Interhome Inc. menant ses activités pipelinières sous le nom de "Compagnie Pipeline Interprovincial Limitée, division d'Énergie Interhome Inc." : |h[ressource électronique]|bexamen de la recommandation 5.9, Intérité des pipelines actuels, du rapport MH-2-85 de l'Office national de l'énergie en date de juin 1986 relativement à un accident survenu le 19 février 1985 à proximité de Camrose (Alberta) sur le réseau pipelinier de la société Pipe Line Interprovincial Limitée |
| 246 | 1 |iTitre de renvoi : |aÉnergie Interhome Inc. menant ses activités pipelinières sous le nom de "Compagnie Pipeline Interprovincial Limitée, division d'Énergie Interhome Inc." |
| 260 | |aOttawa - Ontario : |bOffice national de l'énergie |cSeptembre 1990. |
| 300 | |a56p.|bfigures, tableaux |
| 490 | 1 |aMotifs de décision|vOHW-1-89 |
| 500 | |aLe nº de catalogue (NE22-1/1990-9F) et l'ISBN (0-662-96355-5) de l'édition imprimée ont été incorrectement copiés dans cette édition électronique. |
| 590 | |a12-04-Supp|b2012-02-20 |
| 775 | 08|tReasons for decision in the matter of Interhome Energy Inc. which carries on its pipeline operations as "Interprovincial Pipe Line Company, a division of Interhome Energy Inc." : |w(CaOODSP)9.572144 |
| 830 | #0|aMotifs de décision (Canada. Office national de l'énergie)|vOHW-1-89|w(CaOODSP)9.500899 |
| 856 | 40|ahttp://publications.gc.ca|qPDF|s222 Ko|uhttps://publications.gc.ca/collections/Collection/NE22-1-1990-9F.pdf|yOHW-1-89 |